| 000 | 00453nam a22001337a 4500 | ||
|---|---|---|---|
| 005 | 20241003110043.0 | ||
| 008 | 241003b |||||||| |||| 00| 0 eng d | ||
| 100 |
_aBugarin, Randy B. _eauthor. _962119 |
||
| 245 |
_aPasko sa 'pinas / _cRandy B. Bugarin. |
||
| 260 |
_aPhilippines: _bPublishers Association of the Philippines, Inc., _cDecember 2018. |
||
| 300 | _aVolume 66, pages 279. | ||
| 700 |
_aBugarin, Randy B. _eauthor. _962120 |
||
| 942 |
_2ddc _cPER |
||
| 999 |
_c22153 _d22153 |
||